000
00300nam a2200121Ia 4500
008
190722s9999 xx 000 0 und d
020
_a
9788177583335
100
_a
David C. Lay
245
0
_a
Linear Algerbra and its applications
260
_a
New Delhi
_b
Pearson Co.
_c
2003
300
_a
492
942
_c
BK
999
_c
387
_d
387